[Event "17PCR_ZK10"]
[Site "?"]
[Date "2007.??.??"]
[Round "?"]
[White "Kudr, Roman"]
[Black "Bednarik, Radovan"]
[Result "1/2-1/2"]
[WhiteElo "2216"]
[BlackElo "2126"]
[PlyCount "95"]
[EventDate "2007.??.??"]
[EventType "corr"]
[SourceDate "2007.06.28"]

1. e4 c5 2. Nf3 e6 3. d4 cxd4 4. Nxd4 a6 5. Bd3 Bc5 6. Nb3 Be7 7. O-O d6 8. c4
Nf6 9. Nc3 Nbd7 10. Be3 Ne5 11. f4 Nxd3 12. Qxd3 Ng4 13. Rad1 Nxe3 14. Qxe3 Qc7
15. Qg3 O-O 16. f5 Bf6 17. Rxd6 Qxc4 18. e5 Bh4 19. Qe3 f6 20. Nd2 Qg4 21. h3
Qg5 22. Qd3 fxe5 23. Nf3 Qe7 24. Nxh4 exf5 25. Nxf5 Bxf5 26. Qd5+ Kh8 27. Qd2
Rae8 28. Rd1 Rf7 29. Rd8 Ref8 30. Rxf8+ Rxf8 31. Qd6 Qxd6 32. Rxd6 h5 33. Rd5
Re8 34. Kf2 h4 35. Ke3 Kh7 36. Ne4 Kg6 37. Nc5 Re7 38. Rd6+ Kh5 39. Rb6 Bc8 40.
Rd6 Kg5 41. b4 Rc7 42. a4 Kf5 43. a5 Re7 44. Rb6 e4 45. Rd6 Ke5 46. Rg6 Kd5 47.
Na4 Bd7 48. Nb6+ 1/2-1/2

[Event "17PCR_ZK10"]
[Site "?"]
[Date "2007.??.??"]
[Round "?"]
[White "Bednarik, Radovan"]
[Black "Kudr, Roman"]
[Result "1/2-1/2"]
[WhiteElo "2126"]
[BlackElo "2216"]
[PlyCount "82"]
[EventDate "2007.??.??"]
[EventType "corr"]
[SourceDate "2007.06.28"]

1. d4 Nf6 2. Nf3 g6 3. Nc3 d5 4. Bf4 Bg7 5. Qd2 Ne4 6. Nxe4 dxe4 7. Ne5 Nd7 8.
O-O-O Nxe5 9. Bxe5 Bxe5 10. dxe5 Qxd2+ 11. Rxd2 Bd7 12. e3 O-O-O 13. Bc4 Bf5
14. Rxd8+ Rxd8 15. h3 f6 16. g4 Bd7 17. Rd1 c6 18. Rd4 b5 19. Be2 f5 20. a4 h6
21. gxf5 gxf5 22. axb5 cxb5 23. f3 exf3 24. Bxf3 Rg8 25. Rf4 a5 26. h4 Rg1+ 27.
Kd2 Rb1 28. e4 fxe4 29. Bxe4 Rxb2 30. Bd5 Rb4 31. Rxb4 axb4 32. c3 bxc3+ 33.
Kxc3 Kc7 34. Kb4 Bc6 35. Be6 Kb6 36. Bf5 Bf3 37. Bd7 Be2 38. Bf5 Kc6 39. Be4+
Kd7 40. Bf5+ Kc7 41. Kc5 Kd8 1/2-1/2

[Event "17PCR_ZK10"]
[Site "?"]
[Date "2007.??.??"]
[Round "?"]
[White "Bednarik, Radovan"]
[Black "Mateka, Petr"]
[Result "1/2-1/2"]
[WhiteElo "2126"]
[BlackElo "2275"]
[PlyCount "78"]
[EventDate "2007.??.??"]
[EventType "corr"]
[SourceDate "2007.06.28"]

1. d4 d5 2. c4 dxc4 3. e3 e5 4. Bxc4 exd4 5. Nf3 Bb4+ 6. Bd2 Bxd2+ 7. Qxd2 Nf6
8. Qxd4 O-O 9. Nc3 Nc6 10. Qh4 Qe7 11. O-O Ne5 12. Be2 Ng6 13. Qg3 Rd8 14. Rfd1
Bg4 15. Rxd8+ Rxd8 16. Rd1 c6 17. h3 Bh5 18. a3 a5 19. Qg5 Bxf3 20. Bxf3 Rxd1+
21. Bxd1 b5 22. Qf5 b4 23. Nb1 Qd6 24. Bb3 Nd5 25. axb4 Qxb4 26. Qc2 h5 27. Na3
Nf8 28. Bc4 Nb6 29. Be2 Qe1+ 30. Bf1 Qb4 31. Qxc6 Qxb2 32. Nb5 Nfd7 33. Qc7 g6
34. Qd8+ Kg7 35. Qe7 Qe5 36. Qa3 a4 37. Nd4 Qc5 38. Qa1 Kg8 39. Qd1 Ne5 1/2-1/2

[Event "17PCR_ZK10"]
[Site "?"]
[Date "2007.??.??"]
[Round "?"]
[White "Dirgas, Josef"]
[Black "Bednarik, Radovan"]
[Result "1-0"]
[WhiteElo "2000"]
[BlackElo "2126"]
[PlyCount "95"]
[EventDate "2007.??.??"]
[EventType "corr"]
[SourceDate "2007.06.28"]

1. e4 c5 2. Nf3 e6 3. d4 cxd4 4. Nxd4 a6 5. Nc3 b5 6. Bd3 Qb6 7. Nf3 d6 8. O-O
Nd7 9. b4 Ngf6 10. a4 bxa4 11. Rxa4 Bb7 12. Be3 Qc7 13. Qa1 Rc8 14. Bd2 Nb6 15.
Rxa6 Bxa6 16. Bxa6 Ra8 17. e5 dxe5 18. Nb5 Qb8 19. Qc3 Be7 20. Nc7+ Kf8 21.
Nxa8 Qxa8 22. b5 Ne4 23. Qxe5 Nc4 24. Qd4 Qd5 25. Qxd5 exd5 26. Be1 Nc5 27. Bc3
f6 28. Nd4 Kf7 29. Nf5 Rb8 30. Nxe7 Kxe7 31. Bb4 Kd6 32. Rd1 Nb2 33. Rd2 Nc4
34. Rd4 Ra8 35. h4 Nb6 36. Bb7 Ra1+ 37. Kh2 Rb1 38. Bc6 g5 39. c3 Rxb4 40. Rxb4
Ne4 41. hxg5 fxg5 42. Rxe4 dxe4 43. Bxe4 Kc5 44. Bxh7 Kxb5 45. Bg6 Kc4 46. Kg3
Na4 47. Kg4 Kd5 48. Kxg5 1-0

[Event "17PCR_ZK10"]
[Site "?"]
[Date "2007.??.??"]
[Round "?"]
[White "Bednarik, Radovan"]
[Black "Dirgas, Josef"]
[Result "0-1"]
[WhiteElo "2126"]
[BlackElo "2000"]
[PlyCount "106"]
[EventDate "2007.??.??"]
[EventType "corr"]
[SourceDate "2007.06.28"]

1. d4 d5 2. c4 e6 3. Nf3 Nf6 4. Nc3 c6 5. e3 Nbd7 6. Bd3 dxc4 7. Bxc4 b5 8. Be2
Bb7 9. O-O a6 10. e4 c5 11. e5 Nd5 12. a4 b4 13. Ne4 Qc7 14. Re1 h6 15. Bd2
cxd4 16. Nxd4 Nxe5 17. Rc1 Qb6 18. Nb3 Be7 19. Nec5 Rc8 20. a5 Qa7 21. Nxb7
Qxb7 22. Bh5 Bd6 23. f4 Nd3 24. Rxe6+ Kd7 25. Re4 Qa7+ 26. Rd4 Nxc1 27. Bxc1
Rc4 28. Kh1 Rxd4 29. Nxd4 Re8 30. Bxf7 Re4 31. Bxd5 Rxd4 32. Qg4+ Kd8 33. Be3
Qc7 34. g3 Qxa5 35. Bc6 Qc7 36. Bf3 Qc4 37. Kg2 Rd3 38. Bb6+ Ke8 39. Qxg7 Rd2+
40. Kh3 Qf1+ 41. Kg4 h5+ 42. Kf5 Qb1+ 43. Ke6 Qa2+ 44. Kf5 Qf7+ 45. Qxf7+ Kxf7
46. Bxh5+ Kf8 47. b3 Rd5+ 48. Ke6 Rxh5 49. Kxd6 a5 50. Bd4 a4 51. bxa4 Ra5 52.
h4 b3 53. Bc3 Rxa4 0-1

[Event "17PCR_ZK10"]
[Site "?"]
[Date "2007.??.??"]
[Round "?"]
[White "Rotter, Walter"]
[Black "Tunega, Frantisek"]
[Result "1-0"]
[WhiteElo "1948"]
[BlackElo "1800"]
[PlyCount "73"]
[EventDate "2007.??.??"]
[EventType "corr"]
[SourceDate "2007.06.28"]

1. d4 Nf6 2. c4 d6 3. Nf3 g6 4. Nc3 Bg7 5. e4 O-O 6. h3 e5 7. d5 Nh5 8. Nh2 Qe8
9. Be2 Nf4 10. Bf3 f5 11. g3 Nxh3 12. Bg2 fxe4 13. Be3 Na6 14. Nxe4 Nf4 15.
gxf4 exf4 16. Bd4 Bh3 17. f3 Bxg2 18. Bxg7 Bxh1 19. Bxf8 Nc5 20. Bh6 Nxe4 21.
fxe4 Qe5 22. Qd2 Qxe4+ 23. Qe2 b5 24. Qxe4 Bxe4 25. cxb5 Re8 26. O-O-O Kf7 27.
Bxf4 h5 28. a3 Ke7 29. Be3 Kd7 30. Bxa7 g5 31. Re1 Bxd5 32. Rxe8 Kxe8 33. Kd2
Ke7 34. Ke3 Ke6 35. Nf3 g4 36. Nh4 Bc4 37. a4 1-0

[Event "17PCR_ZK10"]
[Site "?"]
[Date "2007.??.??"]
[Round "?"]
[White "Tunega, Frantisek"]
[Black "Rotter, Walter"]
[Result "1/2-1/2"]
[WhiteElo "1800"]
[BlackElo "1988"]
[PlyCount "65"]
[EventDate "2007.??.??"]
[EventType "corr"]
[SourceDate "2007.06.28"]

1. e4 e5 2. Nf3 Nc6 3. c3 d5 4. Qa4 f6 5. Bb5 Nge7 6. exd5 Qxd5 7. d4 Bd7 8.
Be3 exd4 9. cxd4 Ne5 10. Bxd7+ Qxd7 11. Qxd7+ Nxd7 12. O-O O-O-O 13. Nc3 Nb6
14. a4 Nf5 15. a5 Nc4 16. Nd1 b5 17. axb6 axb6 18. g4 Nfxe3 19. fxe3 Kb7 20.
Rc1 Na5 21. Nc3 c5 22. Nb5 Nc6 23. Rfd1 h5 24. g5 cxd4 25. Nfxd4 Nxd4 26. Nxd4
fxg5 27. Rc7+ Kb8 28. Rf7 Rc8 29. h3 Rh6 30. Rdf1 Rf6 31. R1xf6 gxf6 32. Rxf6
Rc1+ 33. Kf2 1/2-1/2

[Event "17PCR_ZK10"]
[Site "?"]
[Date "2007.??.??"]
[Round "?"]
[White "Tunega, Frantisek"]
[Black "Bednarik, Radovan"]
[Result "1/2-1/2"]
[WhiteElo "1800"]
[BlackElo "2126"]
[PlyCount "84"]
[EventDate "2007.??.??"]
[EventType "corr"]
[SourceDate "2007.06.28"]

1. e4 c5 2. c3 d5 3. exd5 Qxd5 4. d4 e6 5. Nf3 Nf6 6. Be2 Be7 7. O-O cxd4 8.
cxd4 O-O 9. Nc3 Qd6 10. Bc4 Nc6 11. Nb5 Qb8 12. Qe2 a6 13. Nc3 b5 14. Bb3 Bb7
15. Rd1 Na5 16. Bc2 Rc8 17. Bd3 h6 18. Ne4 Qc7 19. Nxf6+ Bxf6 20. b3 Bd5 21.
Ne5 Nc6 22. Nxc6 Qxc6 23. Qg4 Qb7 24. Bf1 Kf8 25. Bf4 Rc6 26. Be5 Qe7 27. Rac1
Rac8 28. Rxc6 Rxc6 29. Bd3 Bxe5 30. dxe5 Qg5 31. Qxg5 hxg5 32. f3 f6 33. exf6
gxf6 34. Kf2 b4 35. h4 gxh4 36. Rh1 a5 37. Ke3 e5 38. Rxh4 Rc1 39. Rh8+ Kf7 40.
Rh7+ Ke8 41. Rh8+ Kd7 42. Rh7+ Ke8 1/2-1/2

[Event "17PCR_ZK10"]
[Site "?"]
[Date "2007.??.??"]
[Round "?"]
[White "Tunega, Frantisek"]
[Black "Kudr, Roman"]
[Result "1-0"]
[WhiteElo "1800"]
[BlackElo "2216"]
[PlyCount "69"]
[EventDate "2007.??.??"]
[EventType "corr"]
[SourceDate "2007.06.28"]

1. e4 e5 2. Nf3 Nc6 3. c3 d5 4. Qa4 Qd6 5. d4 Bd7 6. Bb5 Qg6 7. exd5 Qxg2 8.
dxc6 Qxh1+ 9. Ke2 bxc6 10. Bxc6 Rd8 11. Bxd7+ Rxd7 12. Nxe5 Nf6 13. Nd2 Qd5 14.
Ndc4 Bd6 15. Nxd6+ cxd6 16. Nxd7 Nxd7 17. Be3 Qb7 18. Qb3 Qe4 19. Qb5 Qe6 20.
Re1 O-O 21. Qa6 Rb8 22. b3 Qf5 23. Rc1 d5 24. Qxa7 Rc8 25. c4 Nf6 26. c5 Re8
27. c6 Ng4 28. Kd2 Nxf2 29. Bxf2 Qxf2+ 30. Kc3 Rc8 31. Qb7 Qe3+ 32. Kb4 Qd2+
33. Rc3 Qxd4+ 34. Kb5 Qg4 35. c7 1-0

[Event "17PCR_ZK10"]
[Site "?"]
[Date "2007.??.??"]
[Round "?"]
[White "Dojcinovic, Miroslav"]
[Black "Rotter, Walter"]
[Result "1/2-1/2"]
[WhiteElo "1605"]
[BlackElo "1948"]
[PlyCount "92"]
[EventDate "2007.??.??"]
[EventType "corr"]
[SourceDate "2007.06.28"]

1. e4 e5 2. Nf3 Nf6 3. Bb5 a6 4. Ba4 Nc6 5. O-O Be7 6. Re1 b5 7. Bb3 Bb7 8. c3
d5 9. exd5 Nxd5 10. Nxe5 Nxe5 11. Rxe5 O-O 12. d4 Qd7 13. Nd2 Nf6 14. Nf3 Bd6
15. Re1 Qg4 16. h3 Bxf3 17. Qxf3 Qxf3 18. gxf3 Rfe8 19. Bd2 h6 20. Kf1 Kf8 21.
c4 Rxe1+ 22. Rxe1 bxc4 23. Bxc4 a5 24. Rc1 Nh5 25. Bb5 Nf4 26. Bc6 Rb8 27. Rb1
Nxh3 28. Bxa5 Bb4 29. Bxc7 Rc8 30. Bd7 Rxc7 31. Bxh3 Bd2 32. Ke2 Rc1 33. Rxc1
Bxc1 34. a4 Bxb2 35. Kd3 Ke7 36. f4 Kd6 37. Bg2 h5 38. a5 Kc7 39. Kc4 h4 40. f5
Bc1 41. Kd3 g5 42. fxg6 fxg6 43. Ke4 Bd2 44. a6 Kb6 45. d5 Kxa6 46. d6 Kb6
1/2-1/2

[Event "17PCR_ZK10"]
[Site "?"]
[Date "2007.??.??"]
[Round "?"]
[White "Rotter, Walter"]
[Black "Dojcinovic, Miroslav"]
[Result "1-0"]
[WhiteElo "1948"]
[BlackElo "1605"]
[PlyCount "127"]
[EventDate "2007.??.??"]
[EventType "corr"]
[SourceDate "2007.06.28"]

1. d4 Nf6 2. c4 g6 3. Nf3 Bg7 4. g3 d6 5. Bg2 O-O 6. O-O Nbd7 7. Nc3 e5 8. h3
exd4 9. Nxd4 Re8 10. b3 Nc5 11. Bb2 c6 12. Qc2 a5 13. Rad1 Qe7 14. e4 Nfd7 15.
Bc1 Nf6 16. Rfe1 Nfd7 17. Be3 Ra6 18. Nde2 Nf6 19. Nc1 Qc7 20. f4 b6 21. Bd4
Ne6 22. Bf2 Nd7 23. N1e2 Ndc5 24. Qd2 Bf8 25. f5 Ng7 26. Nd4 Bd7 27. g4 Raa8
28. Bh4 Re5 29. f6 Nge6 30. Nf3 Re8 31. Nxe5 dxe5 32. Bg3 Rd8 33. Qc1 Bc8 34.
Rxd8 Qxd8 35. Rf1 h6 36. Qd1 Nd7 37. Ne2 Qc7 38. h4 Qa7 39. Qd2 a4 40. Kh1 axb3
41. axb3 Qa3 42. Nc1 Nd4 43. Qe3 Ne6 44. Bh3 Qc5 45. Qxc5 Nexc5 46. Bg2 b5 47.
cxb5 cxb5 48. b4 Na6 49. Nd3 Nxb4 50. Nxb4 Bxb4 51. Rc1 Ba6 52. Rc6 Bb7 53. Rc7
Nc5 54. Bxe5 Bxe4 55. Rc8+ Kh7 56. Rf8 Ne6 57. Rxf7+ Kg8 58. Rd7 Bxg2+ 59. Kxg2
g5 60. h5 Kf8 61. Rb7 Nf4+ 62. Bxf4 gxf4 63. Rh7 Kg8 64. Rg7+ 1-0

[Event "17PCR_ZK10"]
[Site "?"]
[Date "2007.??.??"]
[Round "?"]
[White "Dojcinovic, Miroslav"]
[Black "Tunega, Frantisek"]
[Result "0-1"]
[WhiteElo "1605"]
[BlackElo "1800"]
[PlyCount "106"]
[EventDate "2007.??.??"]
[EventType "corr"]
[SourceDate "2007.06.28"]

1. d4 Nf6 2. Nf3 d6 3. c4 g6 4. g3 Bg7 5. Bg2 O-O 6. Nc3 c5 7. dxc5 dxc5 8. O-O
Nc6 9. Bf4 Nh5 10. Bd2 Be6 11. b3 h6 12. Qc1 Kh7 13. Qa3 b6 14. h3 Qc8 15. Kh2
Rd8 16. Rac1 Qc7 17. Rfd1 Rd7 18. Nd5 Bxd5 19. cxd5 Rxd5 20. b4 cxb4 21. Qxb4
Rc8 22. Qa4 Qd7 23. e4 Rd3 24. Bxh6 Kxh6 25. Rxd3 Qxd3 26. Rxc6 b5 27. Qa6 Rxc6
28. Qxc6 Qc4 29. Qe8 Qc5 30. g4 Qd6+ 31. Kh1 Qd1+ 32. Ng1 Nf4 33. Qxe7 Bd4 34.
Kh2 Kg7 35. Qd6 Qa1 36. Nf3 Ne2 37. h4 Bxf2 38. Qd2 Bg1+ 39. Kh3 Nd4 40. Nxg1
Qxg1 41. e5 Qa1 42. Bd5 Qf1+ 43. Bg2 Qc4 44. h5 Ne6 45. Kg3 b4 46. hxg6 Kxg6
47. Kf3 Ng5+ 48. Ke3 Qxg4 49. Qd6+ Kh5 50. Qd5 Qg3+ 51. Ke2 Qc3 52. Kf2 Kg4 53.
Qd1+ Kf4 0-1

[Event "17PCR_ZK10"]
[Site "?"]
[Date "2007.??.??"]
[Round "?"]
[White "Tunega, Frantisek"]
[Black "Dojcinovic, Miroslav"]
[Result "0-1"]
[WhiteElo "1800"]
[BlackElo "1605"]
[PlyCount "82"]
[EventDate "2007.??.??"]
[EventType "corr"]
[SourceDate "2007.06.28"]

1. e4 e5 2. Nf3 Nc6 3. c3 d5 4. Qa4 Bd7 5. exd5 Nd4 6. Qd1 Nxf3+ 7. Qxf3 Nf6 8.
Bc4 b5 9. Bb3 e4 10. Qe2 Bd6 11. d4 O-O 12. Bg5 a6 13. Nd2 Re8 14. O-O h6 15.
Bh4 Bf4 16. h3 Bf5 17. a4 b4 18. cxb4 Rb8 19. Bg3 Bxg3 20. fxg3 Bg6 21. b5 axb5
22. axb5 Qd6 23. Nc4 Qxd5 24. Rfd1 c5 25. Na5 Qg5 26. Nc6 cxd4 27. Nxb8 d3 28.
Qf2 Rxb8 29. Bc4 Re8 30. Qd4 Nh5 31. Re1 d2 32. Red1 e3 33. Qh4 Nxg3 34. Qxg5
hxg5 35. Kh2 Nf5 36. b6 Rb8 37. Be2 Rxb6 38. Ra3 Re6 39. Rd3 Re4 40. Bf3 Re5
41. Be2 Kh7 0-1

[Event "17PCR_ZK10"]
[Site "?"]
[Date "2007.??.??"]
[Round "?"]
[White "Bednarik, Radovan"]
[Black "Dojcinovic, Miroslav"]
[Result "1-0"]
[WhiteElo "2126"]
[BlackElo "1605"]
[PlyCount "81"]
[EventDate "2007.??.??"]
[EventType "corr"]
[SourceDate "2007.06.28"]

1. d4 d5 2. Nf3 Nf6 3. g3 e6 4. Bg2 Be7 5. O-O b5 6. Qd3 O-O 7. h3 c5 8. dxc5
Na6 9. c6 Nb4 10. Qb3 Nxc6 11. Qxb5 Bd7 12. Qd3 e5 13. Qd2 Qc7 14. c4 dxc4 15.
Nc3 Rad8 16. Qe3 Bf5 17. g4 Bg6 18. Nh4 Nxg4 19. Qf3 Bxh4 20. Qxg4 Rd4 21. f4
Be7 22. Qf3 Rd6 23. Be3 e4 24. Nxe4 Nd4 25. Bxd4 Bxe4 26. Qxe4 Rxd4 27. Qc6
Qxc6 28. Bxc6 Rb8 29. Rab1 Rd2 30. Kf2 Rb6 31. Bf3 Bc5+ 32. Kg2 Be3 33. Rfc1
Rd4 34. Rd1 Rg6+ 35. Kh1 Rgd6 36. Rxd4 Rxd4 37. f5 Rd1+ 38. Rxd1 Kf8 39. Rd7 a5
40. Bd5 Bd4 41. Rxf7+ 1-0

[Event "17PCR_ZK10"]
[Site "?"]
[Date "2007.??.??"]
[Round "?"]
[White "Rotter, Walter"]
[Black "Bednarik, Radovan"]
[Result "0-1"]
[WhiteElo "1948"]
[BlackElo "2126"]
[PlyCount "43"]
[EventDate "2007.??.??"]
[EventType "corr"]
[SourceDate "2007.06.28"]

1. d4 d5 2. c4 c6 3. Nc3 Nf6 4. e3 e6 5. Nf3 Bd6 6. Bd3 O-O 7. O-O dxc4 8. Bxc4
Nbd7 9. e4 e5 10. Bg5 Qe7 11. Re1 exd4 12. Nxd4 Nb6 13. Bb3 h6 14. e5 hxg5 15.
exf6 Qxf6 16. Ne4 Qh6 17. Nxd6 Qxd6 18. Nf5 Qxd1 19. Ne7+ Kh7 20. Rexd1 Bd7 21.
a4 a5 22. Rd3 0-1